Almost Useless Trivia II Quiz Stats

 Plays Quiz Updated Dec 15, 2016

Support Sporcle.
Go Orange.
Score 0/30 Timer 03:00
40 Plays Today
Trivia Question Answer % Correct
The film 'The Social Network' depicts the story of which online social networking site?Facebook
83.4%
In the Sega videogame, what type of creature is Sonic?hedgehog
80.2%
There are sixteen of what piece in a standard game of chess?pawn
78.7%
What is the only country to border Portugal?Spain
78.6%
Peter Griffin, Quagmire and Stewie are characters in which animated TV show?Family Guy
78.6%
The CSI TV series was originally set in Las Vegas. Name either city its spin-offs are in.NYC or Miami
78.4%
What is the cube root of 64?4
76.7%
Which mountain is the world's highest mountain above sea level?Mount Everest
76.1%
Name any of the four Gospels of the New Testament.Matthew, Mark, Luke, John
72.5%
Which network originally aired the show 'SpongeBob SquarePants'?Nickelodeon
72.1%
Which is the only country in the world to begin with the letter Y?Yemen
71.8%
Which chemical element has the symbol Na?sodium
70.3%
What is the only mythological animal in the Chinese Zodiac?dragon
69.3%
Name the third letter of the Greek alphabet which shares its name with a type of radiation.gamma
68%
A regulation baseball game is made up of nine sections called what?innings
67.5%
Trivia Question Answer % Correct
Which Queen has ruled Britain for the longest period of time?Elizabeth II
65.5%
The Ryder Cup is awarded to countries that compete in what sport?golf
61%
Which author wrote the novel 'The Da Vinci Code'?Dan Brown
60.5%
What actor appeared in 'The Rock,' 'Leaving Las Vegas,' and 'National Treasure?'Nicolas Cage
59.6%
Which pop artist has had hits such as 'SOS', 'Disturbia' and 'Unfaithful'?Rihanna
58.1%
What is the Spanish word for cat?Gato
57.6%
What does the N stand for in the acronym NATO?north
57.1%
Name either country with the ruble as its currency.Russia or Belarus
53.9%
Helena is the capital of which US state?Montana
52.1%
Name any US President that served between John Adams and John Quincy Adams.Jefferson, Madison or Monroe
51.6%
What is the proper medical name for the collar bone?clavicle
50.6%
Which city hosted the summer Olympic Games in 2000?Sydney
44.4%
Kuala Lumpur is the capital city of which country?Malaysia
42.1%
Which city is the capital city of Kenya?Nairobi
39.9%
Which tennis player won the Wimbledon Men's Singles seven times, the first in 1993?Pete Sampras
36.8%

You're not logged in!

Compare scores with friends on all Sporcle quizzes.
OR
Log In

From the Vault

Country by Athlete

by Ben

People who fail to see the value of sports are missing out on a great geography lesson.
Remove Ads.
Support Sporcle.
Get the best of Sporcle when you Go Orange. This ad-free experience offers more features, more stats, and more fun while also helping to support Sporcle. Thank you for becoming a member.

Show Comments

Extras

Top Quizzes Today


Score Distribution

Your Account Isn't Verified!

In order to create a playlist on Sporcle, you need to verify the email address you used during registration. Go to your Sporcle Settings to finish the process.

Report this User

Report this user for behavior that violates our Community Guidelines.

Details: